000
00301nam a2200121Ia 4500
008
220120s9999||||xx |||||||||||||| ||und||
082
_a
510 CHA
100
_a
K.S.C
245
0
_a
Engineering mathematics-III(A)
260
_b
New Delhi
_c
2002
300
_a
586p.
_b
300
650
_a
WIRELESS COMMUNICATION
999
_c
136156
_d
136156